Statistics for Countries with embassies and consulates in Miami

Click here to take the quiz!

General Stats

  • This quiz has been taken 21 times
  • The average score is 33 of 34

Answer Stats

Continent Country % Correct
North AmericaHaiti
100%
AsiaJapan
100%
North AmericaMexico
100%
South AmericaParaguay
100%
North AmericaGuatemala
100%
EuropeGermany
100%
EuropeFrance
100%
North AmericaEl Salvador
100%
South AmericaPeru
100%
North AmericaDominican Republic
100%
South AmericaColumbia
100%
South AmericaChile
100%
North AmericaCanada
100%
South AmericaSuriname
100%
South AmericaBrazil
100%
South AmericaBolivia
100%
North AmericaTrinidad and Tobago
100%
EuropeUnited Kingdom
100%
North AmericaJamaica
100%
EuropeSpain
95%
North AmericaPanama
95%
North AmericaNicaragua
95%
North AmericaAntigua and Barbuda
95%
EuropeItaly
95%
North AmericaHonduras
95%
South AmericaArgentina
95%
South AmericaEcuador
95%
North AmericaCosta Rica
95%
North Americathe Bahamas
95%
South AmericaUruguay
95%
AsiaIsrael
90%
North AmericaBarbados
90%
Europethe Netherlands
85%
EuropeBulgaria
55%

Score Distribution

Percentile by Number Answered

Percent of People with Each Score

Your Score History

You have not taken this quiz